[Event "2021 Fall Server Series, S10532"]
[Site "CCLA"]
[Date "2021.11.21"]
[Round "?"]
[White "Kleine, Larry"]
[Black "Smail, John"]
[Result "0-1"]
[WhiteElo "1688"]
[BlackElo "1721"]

1. d4 g6 2. c4 Bg7 3. e4 d6 4. Nc3 Nf6 5. Nf3 O-O 6. Be2 Na6 7. O-O e5 8. 
d5 Qe8 9. Bg5 h6 10. Bh4 g5 11. Bg3 Nh5 12. Ne1 Nf4 13. h4 Qe7 14. h5 f5 
15. exf5 Bxf5 16. Bxf4 exf4 17. Nd3 Rae8 18. Re1 Qf7 19. Qd2 Bxd3 20. Qxd3
Nc5 21. Qf3 Nd7 22. Nb5 Ne5 23. Qh3 f3 24. gxf3 g4 25. Qg3 gxf3 26. Bf1 
Re7 27. Bh3 Kh8 28. Be6 Qxh5 29. Re4 Bf6 30. Qh2 Rg7+ 31. Kh1 Qxh2+ 32. 
Kxh2 Rg2+ 33. Kh3 Nd3 0-1

[Event "2021 Fall Server Series, S10532"]
[Site "CCLA"]
[Date "2021.11.21"]
[Round "?"]
[White "Kleine, Larry"]
[Black "Mann, Wallace"]
[Result "1/2-1/2"]
[WhiteElo "1688"]
[BlackElo "1680"]

1. c4 e5 2. Nc3 Nf6 3. g3 c6 4. Bg2 d5 5. cxd5 cxd5 6. d3 Nc6 7. Bg5 Be6 
8. Nf3 Be7 9. O-O O-O 10. d4 e4 11. Ne5 h6 12. Bxf6 Bxf6 13. Nxc6 bxc6 14.
 Na4 Rb8 15. e3 Be7 16. a3 a5 17. Qc2 Qc8 18. Rfc1 Bd7 19. Rab1 Rb5 20. 
Bf1 Rb8 21. Nc5 Bh3 22. Be2 Bg4 23. Bf1 Bh3 24. Be2 1/2-1/2

[Event "2021 Fall Server Series, S10532"]
[Site "CCLA"]
[Date "2021.11.21"]
[Round "?"]
[White "Kleine, Larry"]
[Black "Siegfried, Will"]
[Result "1-0"]
[WhiteElo "1688"]
[BlackElo "1545"]

1. d4 f5 2. Nc3 d5 3. Bf4 c6 4. e3 Nf6 5. Bd3 g6 6. h4 Qb6 7. Rb1 Be6 8. 
Nf3 Ne4 9. Bxe4 fxe4 10. Ng5 Bg8 11. Be5 1-0

[Event "2021 Fall Server Series, S10532"]
[Site "CCLA"]
[Date "2021.11.21"]
[Round "?"]
[White "Smail, John"]
[Black "Greco, Tom"]
[Result "1-0"]
[WhiteElo "1721"]
[BlackElo "1785"]

1. Nf3 d5 2. b3 Nf6 3. Bb2 Bf5 4. e3 e6 5. Be2 h6 6. O-O Nbd7 7. c4 c6 8. 
Nd4 Bh7 9. f4 Bd6 10. cxd5 exd5 11. d3 O-O 12. Rf3 Re8 13. Nd2 a6 14. Nf1 
c5 15. Nc2 Qb6 16. Rb1 Re7 17. g4 Nxg4 18. Rg3 Ngf6 19. Bg4 Nxg4 20. Qxg4 
g6 21. Qf3 Qc6 22. Rc1 Nb6 23. Bf6 Rd7 24. Nd4 Qc7 25. Qh5 Bf8 26. Nf5 Qc6
27. Qh4 h5 28. Ne7+ Bxe7 29. Bxe7 Rxe7 30. Qxe7 Re8 31. Qxc5 Qe6 32. Qd4 
Nc8 33. Rc5 Ne7 34. e4 b6 35. Rxd5 Nxd5 36. exd5 Qd6 37. Re3 Rxe3 38. Nxe3
b5 39. Qe5 Qb6 40. d6 Qd8 41. Qe7 1-0

[Event "2021 Fall Server Series, S10532"]
[Site "CCLA"]
[Date "2021.11.21"]
[Round "?"]
[White "Smail, John"]
[Black "Kleine, Larry"]
[Result "0-1"]
[WhiteElo "1721"]
[BlackElo "1688"]

1. d4 Nf6 2. Nf3 g6 3. Nc3 d5 4. Bf4 Bg7 5. e3 O-O 6. Be2 c5 7. Ne5 Nc6 8.
 h4 cxd4 9. exd4 Qb6 10. Nxc6 bxc6 11. Na4 Qa5+ 12. c3 Nd7 13. b4 Qd8 14. 
h5 e5 15. Be3 Re8 16. a3 exd4 17. cxd4 a5 18. hxg6 hxg6 19. Rc1 Qe7 20. 
Nc5 axb4 21. axb4 Ra3 22. Qd2 Nxc5 23. bxc5 Qe4 24. Bf3 Qxd4 25. O-O Qxd2 
26. Bxd2 Bf5 27. Rfe1 Rxe1+ 28. Bxe1 Ra1 29. Rxa1 Bxa1 30. Be2 Kg7 31. Ba5
Kf6 32. Bc7 Bd4 33. Bd6 Be5 34. Bf8 Bc2 35. Kf1 d4 36. Bf3 d3 37. Be4 Kg5 
38. g3 f5 39. f4+ Kg4 40. fxe5 fxe4 41. Bh6 g5 0-1

[Event "2021 Fall Server Series, S10532"]
[Site "CCLA"]
[Date "2021.11.21"]
[Round "?"]
[White "Smail, John"]
[Black "Mann, Wallace"]
[Result "1-0"]
[WhiteElo "1721"]
[BlackElo "1680"]

1. Nf3 c5 2. b3 d5 3. e4 e6 4. exd5 exd5 5. Bb5+ Bd7 6. Qe2+ Be7 7. Bb2 d4
8. c3 dxc3 9. Bxc3 f6 10. Bc4 Nc6 11. O-O Qc7 12. d4 cxd4 13. Nxd4 O-O-O 
14. Nd2 Ne5 15. Be6 a6 16. Rfc1 Kb8 17. Bb2 Qb6 18. Nc4 Qa7 19. Nxe5 1-0

[Event "2021 Fall Server Series, S10532"]
[Site "CCLA"]
[Date "2021.11.21"]
[Round "?"]
[White "Smail, John"]
[Black "Siegfried, Will"]
[Result "1-0"]
[WhiteElo "1721"]
[BlackElo "1545"]

1. d4 f5 2. Nc3 d5 3. Bg5 g6 4. e3 Bg7 5. h4 c6 6. Nf3 Be6 7. h5 Nd7 8. h6
Bf8 9. Bf4 Ngf6 10. Ng5 Bf7 11. f3 e6 12. g4 Be7 13. gxf5 exf5 14. Nxf7 
Kxf7 15. Qd2 b5 16. O-O-O Qa5 17. Kb1 b4 18. Ne2 Nb6 19. Ng3 Rhc8 20. e4 
dxe4 21. fxe4 fxe4 22. Re1 Qd5 23. Be5 a5 24. Bxf6 Bxf6 25. Nxe4 Be7 26. 
Bh3 Rd8 27. Qf4+ Kg8 28. Nf6+ Bxf6 29. Qxf6 1-0

[Event "2021 Fall Server Series, S10532"]
[Site "CCLA"]
[Date "2021.11.21"]
[Round "?"]
[White "Mann, Wallace"]
[Black "Greco, Tom"]
[Result "1/2-1/2"]
[WhiteElo "1680"]
[BlackElo "1785"]

1. e4 e5 2. Nf3 Nc6 3. Bb5 a6 4. Ba4 Nf6 5. O-O b5 6. Bb3 Be7 7. Re1 O-O 
8. c3 d6 9. h3 Bb7 10. d4 Re8 11. Nbd2 h6 12. Nf1 Bf8 13. Ng3 Na5 14. Bc2 
Nc4 15. b3 Nb6 16. a4 bxa4 17. bxa4 a5 18. Bd3 Ba6 19. Bxa6 Rxa6 20. d5 c6
21. Qd3 Ra7 22. c4 cxd5 23. cxd5 Rc7 24. Nd2 Qd7 25. Bb2 Nxa4 26. Qb3 Nc5 
27. Qe3 Rb8 28. Bc3 a4 29. Ra3 Kh7 30. f4 exf4 31. Qxf4 Nd3 32. Qe3 Nxe1 
33. Qxe1 Be7 34. Nf5 Ra7 35. Nd4 Rab7 36. Nc6 Ra8 37. Qa1 Qc7 38. Rxa4 
Rxa4 39. Qxa4 Nh5 40. Qd4 Bf6 41. e5 dxe5 42. Qe4+ g6 43. Nf3 Ng3 44. Qe1 
Nf5 45. Bxe5 Bxe5 46. Qxe5 Qxe5 47. Nfxe5 Rb5 48. Nxf7 Rxd5 49. Nce5 Kg7 
50. g4 Nd6 51. Nxd6 Rxd6 52. Kg2 1/2-1/2

[Event "2021 Fall Server Series, S10532"]
[Site "CCLA"]
[Date "2021.11.21"]
[Round "?"]
[White "Mann, Wallace"]
[Black "Kleine, Larry"]
[Result "1-0"]
[WhiteElo "1680"]
[BlackElo "1688"]

1. e4 e5 2. Nf3 Nc6 3. Bb5 a6 4. Ba4 Nf6 5. O-O Be7 6. Re1 b5 7. Bb3 d6 8.
 c3 O-O 9. h3 Na5 10. Bc2 c5 11. d4 Nd7 12. Nbd2 exd4 13. cxd4 Nc6 14. d5 
Nce5 15. a4 Rb8 16. axb5 axb5 17. Nxe5 Nxe5 18. f4 Ng6 19. Nf3 Bh4 20. Rf1
Bg3 21. f5 Ne5 22. Ng5 Nd7 23. Nxh7 Kxh7 24. f6 g6 25. Qg4 Be5 26. Qh4+ 
Kg8 27. Bg5 Re8 28. Ra7 Bb7 29. Ra3 Nxf6 30. Raf3 1-0

[Event "2021 Fall Server Series, S10532"]
[Site "CCLA"]
[Date "2021.11.21"]
[Round "?"]
[White "Mann, Wallace"]
[Black "Smail, John"]
[Result "0-1"]
[WhiteElo "1680"]
[BlackElo "1721"]

1. e4 g6 2. d4 Bg7 3. Nc3 d6 4. f4 a6 5. Nf3 b5 6. Be3 b4 7. Nb1 Bb7 8. 
Nbd2 Nf6 9. Bd3 Nbd7 10. c3 bxc3 11. bxc3 c5 12. Rb1 Qc7 13. Ng5 h6 14. 
Nxf7 Kxf7 15. Qb3+ Bd5 16. exd5 Rhb8 17. Qc2 Rxb1+ 18. Nxb1 Nf8 19. O-O 
Ng4 20. Bd2 cxd4 21. c4 Ne3 22. Bxe3 dxe3 23. Rf3 Qc5 24. Be2 Rb8 25. f5 
g5 26. f6 Bxf6 27. Nc3 Kg7 28. Ne4 Qd4 29. Qd3 Qxd3 30. Bxd3 Bd4 31. Kf1 
Ng6 0-1

[Event "2021 Fall Server Series, S10532"]
[Site "CCLA"]
[Date "2021.11.21"]
[Round "?"]
[White "Mann, Wallace"]
[Black "Siegfried, Will"]
[Result "1-0"]
[WhiteElo "1680"]
[BlackElo "1545"]

1. e4 e6 2. b3 b6 3. Bb2 Bb7 4. Nc3 c5 5. f4 d5 6. d4 Nc6 7. Bb5 Nf6 8. e5
Nd7 9. Nf3 cxd4 10. Ne2 Bb4+ 11. Kf2 O-O 12. Nexd4 Nxd4 13. Nxd4 a6 14. 
Bc6 Qc7 15. Bxb7 Qxb7 16. a3 Be7 17. Rf1 Rac8 18. Kg1 Rc7 19. Rc1 Rfc8 20.
 Rf2 Nc5 21. c3 Ne4 22. Rf3 f6 23. Nxe6 1-0

[Event "2021 Fall Server Series, S10532"]
[Site "CCLA"]
[Date "2021.11.21"]
[Round "?"]
[White "Siegfried, Will"]
[Black "Greco, Tom"]
[Result "0-1"]
[WhiteElo "1545"]
[BlackElo "1785"]

1. e4 e5 2. Bc4 Nc6 3. Nc3 Nf6 4. d3 Na5 5. Nge2 Nxc4 6. dxc4 c6 7. Qd3 d6
8. Bg5 Be7 9. O-O-O O-O 10. f3 Ne8 11. Bxe7 Qxe7 12. h4 Nc7 13. g4 Rd8 14.
 Rdg1 Be6 15. b3 a6 16. g5 b5 17. cxb5 axb5 18. Kb2 b4 19. Nd1 Nb5 20. h5 
Qa7 21. Nc1 Rdb8 22. g6 h6 23. gxf7+ Bxf7 24. Ne3 Qa3+ 0-1

[Event "2021 Fall Server Series, S10532"]
[Site "CCLA"]
[Date "2021.11.21"]
[Round "?"]
[White "Siegfried, Will"]
[Black "Kleine, Larry"]
[Result "1/2-1/2"]
[WhiteElo "1545"]
[BlackElo "1688"]

1. d4 Nf6 2. Nf3 g6 3. Bf4 Bg7 4. e3 O-O 5. h3 d5 6. Nbd2 c5 7. c3 Nc6 8. 
Bd3 Nd7 9. O-O e5 10. dxe5 Ndxe5 11. Nxe5 Nxe5 12. Bc2 b6 13. Nf3 Nc4 14. 
Rb1 Bb7 15. Bb3 Na5 16. Bc2 Nc4 1/2-1/2

[Event "2021 Fall Server Series, S10532"]
[Site "CCLA"]
[Date "2021.11.21"]
[Round "?"]
[White "Siegfried, Will"]
[Black "Smail, John"]
[Result "0-1"]
[WhiteElo "1545"]
[BlackElo "1721"]

1. d4 e6 2. e4 d5 3. Nc3 Nf6 4. e5 Nfd7 5. f4 c5 6. Nf3 Nc6 7. Be3 a6 8. 
Be2 b5 9. O-O b4 10. Na4 cxd4 11. Nxd4 Nxd4 12. Bxd4 Qa5 13. b3 Bb7 14. c4
dxc4 15. Bxc4 Rd8 16. Qe2 Bc6 17. Nb2 Nb6 18. Rfd1 Nd5 19. Qf2 Nc3 20. 
Bxc3 bxc3 21. Rxd8+ Kxd8 22. Qd4+ Kc8 23. Nd3 Be7 24. Kf1 Rd8 25. Qf2 Bb5 
26. Qc2 Bxc4 27. bxc4 Rd4 28. Rc1 Rxc4 29. Nb2 Rxf4+ 30. Ke1 Qxe5+ 0-1

[Event "2021 Fall Server Series, S10532"]
[Site "CCLA"]
[Date "2021.11.21"]
[Round "?"]
[White "Siegfried, Will"]
[Black "Mann, Wallace"]
[Result "0-1"]
[WhiteElo "1545"]
[BlackElo "1680"]

1. d4 Nf6 2. Nf3 e6 3. Bf4 c5 4. e3 Qb6 5. Nc3 a6 6. a3 cxd4 7. exd4 d5 8.
 h3 Bd7 9. Bd3 Qxb2 10. Ne2 Qb6 11. O-O Qa7 12. c4 b6 13. cxd5 Nxd5 14. 
Bh2 Be7 15. Qb3 Nc6 16. Rfc1 O-O 17. Ne5 Na5 18. Qb2 Ba4 19. Rab1 Rfc8 20.
 Nf4 b5 21. Be4 Rxc1+ 22. Rxc1 Rd8 23. Nfd3 Bb3 24. Nc6 Nxc6 25. Rxc6 Bc4 
26. Ne5 Qa8 27. Bxd5 Bxd5 28. Rc3 Rc8 29. f3 f6 30. Ng4 Rxc3 31. Qxc3 Qc6 
32. Qxc6 Bxc6 33. Bc7 Bxa3 34. Ne3 Bb4 35. Nc2 Bc3 36. Kf1 e5 37. dxe5 
fxe5 38. Ke2 Kf7 39. Kd3 Bb2 40. Nb4 Bb7 41. Kc2 Ba1 42. Nd3 Kf6 43. Nc5 
Bc8 44. Kb3 Ke7 45. Kb4 Bd4 46. Ne4 Kd7 47. Ba5 Kc6 48. Bd8 Bb6 49. Bxb6 
Kxb6 50. Nd6 a5+ 51. Ka3 Be6 52. Ne4 Bd5 0-1

[Event "USA/S10533 (USA)"]
[Site "CCLA"]
[Date "2021.11.21"]
[Round "?"]
[White "Huston, Mark"]
[Black "Catania, Duane"]
[Result "1-0"]
[WhiteElo "1659"]
[BlackElo "1716"]

1. e4 e6 2. d4 d5 3. Nd2 Nf6 4. e5 Ne4 5. Bd3 Nxd2 6. Bxd2 c5 7. c3 Nc6 8.
 Nf3 Qb6 9. dxc5 Bxc5 10. O-O Bd7 11. b4 Be7 12. Re1 Rc8 13. Rc1 h6 14. a4
O-O 15. Be3 Qd8 16. b5 Na5 17. Nd2 b6 18. c4 dxc4 19. Nxc4 Nxc4 20. Bxc4 
Rc7 21. Qg4 Kh8 22. Qe4 f5 23. exf6 Rxf6 24. Bd3 Kg8 25. Qh7+ Kf7 26. Bd4 
Rxc1 27. Rxc1 Bc5 28. Bxf6 Qxf6 29. Rf1 e5 30. Bc4+ Be6 31. Qe4 Bxc4 32. 
Qxc4+ Kf8 33. Qd5 Qe7 34. Rd1 Bd4 35. Rd3 Qc5 36. Rf3+ Ke7 37. Rf7+ 1-0

[Event "USA/S10533 (USA)"]
[Site "CCLA"]
[Date "2021.11.21"]
[Round "?"]
[White "Huston, Mark"]
[Black "Schoenwald, Ira"]
[Result "0-1"]
[WhiteElo "1659"]
[BlackElo "1819"]

1. e4 d6 2. d4 Nf6 3. Nc3 c6 4. Nf3 Qa5 5. Bd3 e5 6. O-O Be7 7. a3 O-O 8. 
b4 Qc7 9. h3 a6 10. Bg5 Nbd7 11. d5 cxd5 12. Nxd5 Nxd5 13. exd5 Bxg5 14. 
Nxg5 Nf6 15. c4 h6 16. Ne4 Nxe4 17. Bxe4 Qxc4 18. f3 f5 19. Rc1 Qb5 20. 
Bc2 Bd7 21. Bd3 Qb6+ 22. Kh2 Bb5 23. Bxb5 Qxb5 24. Rf2 f4 25. Rc7 Rf7 26. 
Rfc2 Rxc7 27. Rxc7 Rf8 28. a4 Qxb4 29. Qc2 Qd4 30. Qg6 e4 31. Qe6+ Kh7 32.
 Qxe4+ Qxe4 33. fxe4 Re8 34. Rc4 Kg6 35. g4 Kg5 36. Rc7 g6 37. Rd7 Rxe4 
38. Rxd6 Rxa4 39. Kg2 Ra2+ 40. Kf3 Ra3+ 41. Ke4 Rxh3 0-1

[Event "USA/S10533 (USA)"]
[Site "CCLA"]
[Date "2021.11.21"]
[Round "?"]
[White "Huston, Mark"]
[Black "McLaughlin, Ed"]
[Result "1-0"]
[WhiteElo "1659"]
[BlackElo "1496"]

1. d4 f5 2. g3 Nf6 3. Bg2 d5 4. c4 c6 5. Nf3 e6 6. O-O Be7 7. Nbd2 O-O 8. 
Ne5 Nbd7 9. Nd3 Qe8 10. Qc2 Qh5 11. Nf3 Ne4 12. Nf4 Qf7 13. Ne5 Nxe5 14. 
dxe5 g5 15. Nd3 g4 16. f3 Ng5 17. fxg4 Ne4 18. Be3 Qg7 19. gxf5 exf5 20. 
cxd5 cxd5 21. Bxe4 fxe4 22. Rxf8+ Qxf8 23. Nf4 Qf7 24. Qb3 b6 25. Qxd5 
Qxd5 26. Nxd5 Bd8 27. Nc3 Bf5 28. Rf1 Bg6 29. Nd5 Kg7 30. e6 b5 31. Bd4+ 
Kh6 32. e7 Ba5 33. Rf8 Re8 34. b4 Bb6 35. Bxb6 1-0

[Event "USA/S10533 (USA)"]
[Site "CCLA"]
[Date "2021.11.21"]
[Round "?"]
[White "Huston, Mark"]
[Black "Hadley, Douglas R."]
[Result "1/2-1/2"]
[WhiteElo "1659"]
[BlackElo "1578"]

1. e4 c5 2. Nc3 Nc6 3. f4 g6 4. Nf3 Bg7 5. a3 e6 6. b4 b6 7. e5 Nge7 8. b5
Nb8 9. Ne4 O-O 10. d4 Nf5 11. Bd3 cxd4 12. O-O Bb7 13. Nd6 Nxd6 14. exd6 
a6 15. Bb2 axb5 16. Bxb5 Nc6 17. Bxc6 dxc6 18. Bxd4 Qxd6 19. Bxg7 Qxd1 20.
 Rfxd1 Kxg7 21. Rd7 Rab8 22. Rad1 c5 23. Ne5 b5 24. R1d6 Bd5 25. Ra7 Rb7 
26. Rxb7 Bxb7 27. Rb6 Be4 28. Rxb5 Ra8 29. Rxc5 Rxa3 30. Rc7 Ra2 31. Rxf7+
Kg8 32. Rc7 Rxc2 33. Rxc2 Bxc2 34. g4 h6 35. Kf2 Kg7 36. Ke3 Kf6 37. h3 
1/2-1/2

[Event "USA/S10533 (USA)"]
[Site "CCLA"]
[Date "2021.11.21"]
[Round "?"]
[White "Catania, Duane"]
[Black "Huston, Mark"]
[Result "1-0"]
[WhiteElo "1716"]
[BlackElo "1659"]

1. e4 e6 2. d4 d5 3. e5 c5 4. c3 Nc6 5. Nf3 Qb6 6. Bd3 cxd4 7. cxd4 Bd7 8.
 O-O Nxd4 9. Nxd4 Qxd4 10. Nc3 a6 11. Qe2 Ne7 12. Kh1 Nc6 13. f4 Nb4 14. 
Bb1 Qc4 15. Qd1 d4 16. Ne4 d3 17. Ng5 Nc2 18. f5 exf5 19. a4 Nxa1 20. Bxd3
Qxa4 21. Qf3 g6 22. Qd5 O-O-O 23. Nxf7 Qc6 24. Qa5 Bg7 25. Nxd8 Rxd8 26. 
Bg5 Re8 27. Rc1 Qxc1+ 28. Bxc1 Rxe5 29. Qc3+ Bc6 30. Bh6 Re2 31. Bxg7 Rxg2
32. Qxc6+ bxc6 33. Kxg2 Kb7 34. Kg3 Nb3 35. Bc4 Na5 36. Bg8 Kb6 37. Bxh7 
Kb5 38. Bxg6 1-0

[Event "USA/S10533 (USA)"]
[Site "CCLA"]
[Date "2021.11.21"]
[Round "?"]
[White "Catania, Duane"]
[Black "Schoenwald, Ira"]
[Result "0-1"]
[WhiteElo "1716"]
[BlackElo "1819"]

1. e4 d6 2. d4 Nf6 3. Nc3 c6 4. Bd3 e5 5. Nge2 Nbd7 6. O-O Be7 7. Kh1 h6 
8. f4 b5 9. fxe5 dxe5 10. d5 Bb7 11. dxc6 Bxc6 12. Ng3 Nc5 13. Qe2 Nxd3 
14. cxd3 b4 15. Nd1 Bb5 16. Rf3 g6 17. Nf2 h5 18. Bg5 Nh7 19. Bxe7 Qxe7 
20. Nh3 f6 21. Rc1 h4 22. Nf1 Rd8 23. Qc2 Kf7 24. Nd2 Bd7 25. Rcf1 Bxh3 
26. gxh3 Kg7 27. Kg2 Rhf8 28. Nc4 Ng5 29. R3f2 Qe6 30. Rf3 Nxf3 31. Rxf3 
f5 32. Ne3 fxe4 33. Rxf8 Rxf8 34. dxe4 Qf6 35. Qe2 Qg5+ 36. Ng4 Rd8 37. 
Qe3 Qxe3 38. Nxe3 Rd2+ 39. Kf3 Rxb2 0-1

[Event "USA/S10533 (USA)"]
[Site "CCLA"]
[Date "2021.11.21"]
[Round "?"]
[White "Catania, Duane"]
[Black "McLaughlin, Ed"]
[Result "1-0"]
[WhiteElo "1716"]
[BlackElo "1496"]

1. e4 c5 2. d4 cxd4 3. Nf3 Nc6 4. Bc4 Ne5 5. Qxd4 Nxc4 6. Qxc4 e6 7. O-O 
d6 8. Nc3 a6 9. Bf4 Nf6 10. Rad1 b5 11. Qd3 Bb7 12. Rfe1 e5 13. Bxe5 dxe5 
14. Qxd8+ Rxd8 15. Rxd8+ Kxd8 16. Nxe5 Ke8 17. f3 Bc5+ 18. Kf1 Bd4 19. Nd3
Bxc3 20. bxc3 Ke7 21. Ke2 Rc8 22. Kd2 Ke6 23. Re3 Rc4 24. Nf4+ Ke7 25. Ne2
Nd7 26. Nc1 Nc5 27. Re1 f6 28. Nb3 Ke6 29. Re3 g5 30. h3 Ke5 31. Nxc5 Bc8 
32. Nb3 h5 33. Rd3 Rc6 34. Rd8 Kf4 35. Nd4 Rc4 36. Ne2+ Ke5 37. Re8+ Kd6 
38. Kd3 Kd7 39. Rh8 h4 40. Nd4 Kd6 41. Rd8+ Ke7 42. Rd5 Bd7 43. e5 f5 44. 
Rd6 Rc5 45. Rxa6 Rxe5 46. Nc6+ 1-0

[Event "USA/S10533 (USA)"]
[Site "CCLA"]
[Date "2021.11.21"]
[Round "?"]
[White "Catania, Duane"]
[Black "Hadley, Douglas R."]
[Result "1-0"]
[WhiteElo "1716"]
[BlackElo "1578"]

1. e4 c5 2. d4 cxd4 3. Nf3 Nc6 4. Bc4 Nf6 5. e5 Nxe5 6. Bb3 Nxf3+ 7. Qxf3 
d5 8. Bg5 e6 9. O-O Be7 10. c4 dxc3 11. Nxc3 Bd7 12. Rad1 O-O 13. Rfe1 Re8
14. Bc2 Rc8 15. Qd3 g6 16. h3 a6 17. Qd4 Bc6 18. Re3 Nd7 19. Bh6 Bf6 20. 
Qg4 Ne5 21. Qg3 Nc4 22. Rf3 Nxb2 23. Ne4 dxe4 24. Rxd8 exf3 25. Rxe8+ Rxe8
26. gxf3 Rd8 27. Be4 Rd1+ 28. Kg2 Bb5 29. Qb8+ Rd8 30. Qxb7 Nd3 31. Qc7 
Bh4 32. Bxd3 Bxd3 33. Qe5 f6 34. Qxe6+ Kh8 35. Bg7+ Kxg7 36. Qe7+ Kh6 37. 
Qxd8 Bb5 38. a4 1-0

[Event "USA/S10533 (USA)"]
[Site "CCLA"]
[Date "2021.11.21"]
[Round "?"]
[White "Schoenwald, Ira"]
[Black "Huston, Mark"]
[Result "1-0"]
[WhiteElo "1819"]
[BlackElo "1659"]

1. d4 Nf6 2. Nc3 d5 3. Bf4 c5 4. e3 cxd4 5. exd4 Bg4 6. f3 Bd7 7. Bd3 Nc6 
8. Nge2 Nb4 9. O-O a6 10. Be5 Nxd3 11. Qxd3 e6 12. f4 Bb4 13. a3 Bxc3 14. 
Nxc3 b5 15. f5 exf5 16. Rae1 O-O 17. Qg3 Nh5 18. Qh3 g6 19. Nxd5 Bc6 20. 
Nb4 Bd5 21. Nxd5 Qxd5 22. Qf3 Qxf3 23. Rxf3 f6 24. Bd6 Rfe8 25. Rfe3 Ng7 
26. c3 Rxe3 27. Rxe3 Re8 28. Kf2 Kf7 29. Rxe8 Nxe8 30. Bb8 Ke6 31. Ke3 g5 
32. b3 f4+ 33. Kd3 f5 34. c4 bxc4+ 35. bxc4 Nf6 36. d5+ Kd7 37. Kd4 Ne4 
38. c5 Nxc5 39. Kxc5 h5 40. Be5 1-0

[Event "USA/S10533 (USA)"]
[Site "CCLA"]
[Date "2021.11.21"]
[Round "?"]
[White "Schoenwald, Ira"]
[Black "Catania, Duane"]
[Result "1-0"]
[WhiteElo "1819"]
[BlackElo "1716"]

1. d4 e6 2. Nc3 b6 3. e4 Bb4 4. Bd3 Bb7 5. Ne2 Qh4 6. Bf4 Nf6 7. Bg3 Qg4 
8. f3 Qh5 9. a3 Bxc3+ 10. Nxc3 d6 11. Nb5 Na6 12. Bxd6 O-O-O 13. Bg3 Kb8 
14. Qd2 Rd7 15. a4 Bc6 16. Qc3 Kb7 17. Nxa7 Kxa7 18. Qxc6 Rxd4 19. a5 Qc5 
20. axb6+ 1-0

[Event "USA/S10533 (USA)"]
[Site "CCLA"]
[Date "2021.11.21"]
[Round "?"]
[White "Schoenwald, Ira"]
[Black "McLaughlin, Ed"]
[Result "1-0"]
[WhiteElo "1819"]
[BlackElo "1496"]

1. d4 f5 2. Nc3 Nf6 3. Bg5 b6 4. Bxf6 exf6 5. e3 Bb7 6. Nf3 Nc6 7. Bd3 g6 
8. a3 Qe7 9. Nd5 Qd6 10. c4 Bh6 11. h4 Ne7 12. Nc3 a6 13. h5 O-O-O 14. b4 
Kb8 15. Qe2 Ka7 16. d5 Rde8 17. Nd4 c6 18. dxc6 dxc6 19. b5 c5 20. bxa6 
Kxa6 21. Ndb5 Qe5 22. Kf1 f4 23. Qd1 Bxg2+ 24. Kxg2 Qg5+ 25. Kf1 Kb7 26. 
Be4+ 1-0

[Event "USA/S10533 (USA)"]
[Site "CCLA"]
[Date "2021.11.21"]
[Round "?"]
[White "Schoenwald, Ira"]
[Black "Hadley, Douglas R."]
[Result "1-0"]
[WhiteElo "1819"]
[BlackElo "1578"]

1. d4 Nf6 2. Nc3 d5 3. Bf4 c6 4. Qd2 Nbd7 5. e3 Nh5 6. Bg3 Nxg3 7. hxg3 g6
8. Nf3 Bg7 9. e4 dxe4 10. Nxe4 Nf6 11. Nxf6+ Bxf6 12. O-O-O Bg4 13. Be2 e6
14. Kb1 Qb6 15. Qf4 Bf5 16. g4 g5 17. Nxg5 Bxg5 18. Qxg5 Bg6 19. Qf6 Rg8 
20. Qe5 O-O-O 21. Rh3 Qc7 22. Qxc7+ Kxc7 23. f4 f5 24. Re3 Rd6 25. g5 Rgd8
26. Red3 Rh8 27. c3 Rhd8 28. Kc2 a5 29. a4 Bf7 30. Rh1 Bg8 31. Rh6 R8d7 
32. Re3 Rg7 33. Rf6 Bf7 34. Bc4 Kd7 35. Re5 b6 36. Kb3 Ke7 37. Rfxf5 Rg6 
38. Bd3 Kf8 39. Rf6 Rxf6 40. gxf6 Bg6 41. Bxg6 hxg6 42. g4 Kf7 43. g5 Rd8 
44. Kc4 Rh8 45. b4 axb4 46. cxb4 Rh1 47. a5 Rc1+ 48. Kb3 bxa5 49. bxa5 Rf1
50. Kb4 Rxf4 51. Kc5 Rf1 52. Kxc6 Rc1+ 53. Rc5 Ra1 54. Kb6 Rb1+ 55. Rb5 
1-0

[Event "USA/S10533 (USA)"]
[Site "CCLA"]
[Date "2021.11.21"]
[Round "?"]
[White "McLaughlin, Ed"]
[Black "Huston, Mark"]
[Result "1/2-1/2"]
[WhiteElo "1496"]
[BlackElo "1659"]

1. d4 Nf6 2. Nf3 g6 3. c4 Bg7 4. Nc3 d6 5. e4 O-O 6. Be3 e5 7. d5 a5 8. 
Be2 Ng4 9. Qd2 Nxe3 10. Qxe3 Na6 11. O-O Nc5 12. Rfd1 f5 13. b3 fxe4 14. 
Nxe4 Nxe4 15. Qxe4 Bf5 16. Qh4 Qxh4 17. Nxh4 Bd7 18. Rac1 e4 19. g3 Bb2 
20. Rc2 Ba3 21. Ng2 Bc5 22. Ne3 Bxe3 23. fxe3 Rf7 24. Bf1 Bg4 25. Rdd2 
Raf8 26. Rf2 Rxf2 27. Rxf2 Rxf2 28. Kxf2 Kf7 29. h3 Bf3 30. Be2 Bxe2 31. 
Kxe2 Kf6 32. Kd2 c5 1/2-1/2

[Event "USA/S10533 (USA)"]
[Site "CCLA"]
[Date "2021.11.21"]
[Round "?"]
[White "McLaughlin, Ed"]
[Black "Catania, Duane"]
[Result "1/2-1/2"]
[WhiteElo "1496"]
[BlackElo "1716"]

1. d4 e6 2. e3 b6 3. Nf3 Bb7 4. c4 Bb4+ 5. Bd2 Bxd2+ 6. Nbxd2 Nf6 7. Bd3 
d6 8. O-O O-O 9. Qc2 Nc6 10. a3 Ne7 11. e4 Ng6 12. e5 Nd7 13. exd6 cxd6 
14. Rfe1 Rc8 15. b4 Nf6 16. Rac1 Qd7 17. Qb3 Rc7 18. Ne4 Nxe4 19. Bxe4 
Bxe4 20. Rxe4 d5 21. Re3 dxc4 22. Rxc4 Rxc4 23. Qxc4 Rd8 24. g3 Rc8 25. 
Qd3 h6 26. Ne5 Nxe5 27. dxe5 Rc1+ 28. Kg2 Qc6+ 29. Qe4 Qb5 30. Re1 Rxe1 
31. Qxe1 Qd3 32. Qe3 Qd5+ 33. Kh3 Kf8 34. f4 Ke7 35. Qc3 Kd7 36. Qc2 b5 
37. Qf2 Qb7 38. Qc5 Ke8 39. Qd6 Qd7 40. Qb8+ Ke7 41. Qh8 Qd3 42. Qxg7 Qxa3
43. Qf6+ Ke8 44. Qh8+ Ke7 45. Qf6+ Ke8 46. Qh8+ Ke7 47. Qf6+ Ke8 48. Qh8+ 
Ke7 49. Qf6+ 1/2-1/2

[Event "USA/S10533 (USA)"]
[Site "CCLA"]
[Date "2021.11.21"]
[Round "?"]
[White "McLaughlin, Ed"]
[Black "Hadley, Douglas R."]
[Result "0-1"]
[WhiteElo "1496"]
[BlackElo "1578"]

1. d4 Nf6 2. Nf3 e6 3. e3 b6 4. c4 Bb7 5. Nc3 Bb4 6. Bd2 O-O 7. Bd3 d5 8. 
a3 Be7 9. cxd5 exd5 10. O-O Nbd7 11. Rc1 c5 12. Ne2 Ne4 13. Be1 Ndf6 14. 
b3 Rc8 15. Ne5 a6 16. f3 Ng5 17. Bf5 Rc7 18. Bh4 Ne6 19. Bg3 Bd6 20. Qd3 
g6 21. Bh3 cxd4 22. Nxd4 Nxd4 23. exd4 Rxc1 24. Rxc1 Bxa3 25. Rc2 Bd6 26. 
Nc6 Bxc6 27. Rxc6 Bxg3 28. hxg3 Nh5 29. Qxa6 Nxg3 30. Kf2 Qh4 0-1

[Event "USA/S10533 (USA)"]
[Site "CCLA"]
[Date "2021.11.21"]
[Round "?"]
[White "Hadley, Douglas R."]
[Black "Huston, Mark"]
[Result "1-0"]
[WhiteElo "1578"]
[BlackElo "1659"]

1. e4 e5 2. Nf3 Nc6 3. Bb5 Nf6 4. Nc3 d6 5. d4 Bd7 6. Bg5 exd4 7. Nxd4 Be7
8. O-O O-O 9. Bxc6 bxc6 10. Qd3 Re8 11. Rae1 h6 12. Bc1 c5 13. Nf5 Bxf5 
14. exf5 c6 15. b3 d5 16. Bb2 d4 17. Ne4 Nxe4 18. Rxe4 Bf6 19. Rfe1 Qd7 
20. g4 Kf8 21. Ba3 Qd5 22. Rxe8+ Rxe8 23. Rxe8+ Kxe8 24. f3 Kd7 25. Qe4 
Qxe4 26. fxe4 Kd6 27. Kg2 a5 28. Kf3 g5 29. Bc1 Bd8 30. Bd2 f6 31. Be1 Bc7
32. Bg3+ Kd7 33. e5 Bxe5 34. Bxe5 fxe5 35. Ke4 Kd6 36. h3 c4 37. bxc4 1-0

[Event "USA/S10533 (USA)"]
[Site "CCLA"]
[Date "2021.11.21"]
[Round "?"]
[White "Hadley, Douglas R."]
[Black "Catania, Duane"]
[Result "1/2-1/2"]
[WhiteElo "1578"]
[BlackElo "1716"]

1. e4 e6 2. d3 d5 3. Nd2 Nf6 4. Ngf3 c5 5. g3 Nc6 6. Bg2 Be7 7. O-O O-O 8.
 Re1 Re8 9. e5 Nd7 10. Nf1 Rb8 11. h4 Qc7 12. Bf4 b5 13. c3 a5 14. a3 b4 
15. axb4 axb4 16. d4 bxc3 17. bxc3 c4 18. Rb1 Nf8 19. Qe2 Bd7 20. Ne3 Ng6 
21. Bg5 h6 22. Bxe7 Ncxe7 23. h5 Nf8 24. Rxb8 Rxb8 25. Ra1 Rb3 26. Nd1 Qb7
27. Qc2 Nc8 28. Nd2 Rb6 29. Kh2 Bc6 30. f4 Ne7 31. g4 Nc8 32. Rb1 Rxb1 33.
 Qxb1 Qxb1 34. Nxb1 Ba4 35. Ne3 Nb6 36. Bf3 Nfd7 37. Kg3 Bb3 38. Na3 Na4 
39. Nb5 Nb2 40. f5 Kf8 41. fxe6 fxe6 42. Be2 Nb6 43. Kf3 Ke7 44. Kf2 N6a4 
45. Ke1 Nb6 1/2-1/2